000 00670nam a2200205Ii 4500
003 JO-AjNU
008 230606s9999||||xx |||||||||||||| ||und||
020 _a0-07-05996-6
040 _aJO-AjNU
_beng
_erda
_cJO-AjNU
041 _aeng
050 1 4 _aQA76.64.T72.2005
100 3 _aLeung,Ying/swLAU,Claarence,
_eauthor
_9198
245 0 0 _aobject oriented Technology Frome Diaagram To Code With Visual paradigm For Uml
264 3 1 _aTataMagraw-hill puBlushing Company Limited:NewDELHI,2010
300 _a444p
336 _atext
_btxt
_2rdacontent
337 _aunmediated
_bn
_2rdamedia
338 _avolume
_bnc
_2rdacarrier
650 4 _aobject oriented Technology
_9199
999 _aE104
_c104
_d104